000 01052nam0a22002531 4500
001 rc\3401139
005 20260406135531.0
021 _aRU
_b[74-13610]
035 _a(NLR Aleph) 007573587
090 _a5431673
_c5431673
100 _a20130115d1974 |||y0rusy50 ca
101 0 _arus
102 _aRU
105 _ay z |||||
200 1 _aРекомендации по технологии работы при искусственном осеменении коров замороженным семенем
_fМ-во сельск. хоз-ва ТаджССР. Тадж. науч.-исслед. ин-т животноводства
210 _aДушанбе
_cБ. и.
_d1974
215 _a44 с.
_d20
606 _aКрупный рогатый скот
_xИскусственное осеменение
_2psbo
712 0 2 _aТаджикский НИИ животноводства
_cДушанбе
_3RU\NLR\AUTH\889918506
_9333120
801 0 _aRU
_bNLR
_gpsbo
801 1 _aRU
_bELAR
_2rusmarc
852 _aNLR
_j73-4/49080
942 _cBOOK
980 _aNB